[Event "GRE-chT 48th"]
[Site "Athens"]
[Date "2021.09.12"]
[Round "7.5"]
[White "Soultatis, Kostas"]
[Black "Katopodis, Dimitrios"]
[Result "0-1"]
[WhiteElo "2017"]
[BlackElo "2346"]
[PlyCount "87"]
[EventDate "2021.09.07"]
[EventType "team-swiss"]
[EventRounds "7"]
[EventCountry "GRE"]
[SourceTitle "CBM 204 Extra"]
[Source "ChessBase"]
[SourceDate "2021.11.30"]
[SourceVersion "1"]
[SourceVersionDate "2021.11.30"]
[SourceQuality "1"]
[WhiteTeam "Keefysyas"]
[BlackTeam "Epyk Irakliou Attykis"]
[WhiteTeamCountry "GRE"]
[BlackTeamCountry "GRE"]

1. e4 c6 2. Nf3 d5 3. Nc3 Nf6 4. e5 Ne4 5. d4 Bg4 6. Bd3 Nxc3 7. bxc3 e6 8. h3 Bh5 9. 0-0 Be7 10. Rb1 b5 11. a4 a6 12. Ra1 Nd7 13. Ba3 Nb6 14. Bxe7 Qxe7 15. axb5 axb5 16. Rxa8+ Nxa8 17. Qa1 0-0 18. Nd2 Nb6 19. Qa6 Qc7 20. Ra1 Na4 21. Nb3 Bg6 22. Nc5 Nxc5 23. dxc5 f6 24. Qb6 Qxb6 25. cxb6 Rb8 26. Bxg6 hxg6 27. Ra6 fxe5 28. Kf1 Kf7 29. h4 Kf6 30. g4 c5 31. Ke2 e4 32. f4 d4 33. cxd4 cxd4 34. Kd2 b4 35. Ra7 Rxb6 36. Rd7 e5 37. fxe5+ Kxe5 38. Rxg7 b3 39. cxb3 Rxb3 40. Rxg6 e3+ 41. Kc2 Rc3+ 42. Kd1 d3 43. Rg8 Ra3 44. Re8+ 0-1

[Event "Athens Iraklion op 19th"]
[Site "Athens"]
[Date "2016.06.21"]
[Round "4"]
[White "Soultatis, Kostas"]
[Black "Alexiadis, Hristos"]
[Result "1-0"]
[WhiteElo "1994"]
[BlackElo "2291"]
[PlyCount "79"]
[EventDate "2016.06.18"]
[EventType "swiss"]
[EventRounds "9"]
[EventCountry "GRE"]
[SourceTitle "CBM 173 Extra"]
[Source "ChessBase"]
[SourceDate "2016.08.29"]
[SourceVersion "1"]
[SourceVersionDate "2016.08.29"]
[SourceQuality "1"]

1. e4 c5 2. Nf3 d6 3. d4 cxd4 4. Nxd4 Nf6 5. Nc3 a6 6. Be2 e5 7. Nb3 Be7 8. Be3 Be6 9. 0-0 0-0 10. Qd3 Nbd7 11. Nd5 Bxd5 12. exd5 Nc5 13. Nxc5 dxc5 14. c4 Bd6 15. Qf5 Ne8 16. b4 g6 17. Qb1 b6 18. bxc5 Bxc5 19. Qe4 Qc7 20. Rfd1 f6 21. d6 Nxd6 22. Qd5+ Nf7 23. Qe6 Bxe3 24. fxe3 Kg7 25. Rd7 Qc5 26. Kf2 f5 27. Rb1 f4 28. Qxb6 Qc8 29. Qb7 fxe3+ 30. Kg1 Qe8 31. Re7 Rb8 32. Rxe8 Rxb7 33. Rxb7 Rxe8 34. c5 Kf6 35. Bc4 Ng5 36. h4 Ne6 37. Rb6 e4 38. Rxa6 Ke5 39. Rxe6+ Rxe6 40. Bxe6 1-0

[Event "Eretria op 1st"]
[Site "Eretria"]
[Date "2014.09.02"]
[Round "9"]
[White "Soultatis, Kostas"]
[Black "Sidhant, Mohapatra"]
[Result "0-1"]
[WhiteElo "2061"]
[BlackElo "2289"]
[PlyCount "74"]
[EventDate "2014.08.26"]
[EventType "swiss"]
[EventRounds "9"]
[EventCountry "GRE"]
[SourceTitle "CBM 162 Extra"]
[Source "ChessBase"]
[SourceDate "2014.10.17"]
[SourceVersion "1"]
[SourceVersionDate "2014.10.17"]
[SourceQuality "1"]

1. e4 c5 2. Nf3 d6 3. d4 cxd4 4. Nxd4 Nf6 5. Nc3 a6 6. Be2 e5 7. Nb3 Be7 8. 0-0 0-0 9. Be3 Be6 10. Qd3 Nc6 11. a3 Nd7 12. Nd5 Nc5 13. Nxc5 dxc5 14. c3 Bxd5 15. exd5 Nb8 16. f4 exf4 17. Rxf4 Bd6 18. Rf3 Nd7 19. Rh3 f5 20. Rf1 Qf6 21. Rh5 g6 22. Bg5 Qe5 23. Bf4 Qe7 24. Bg5 Qe5 25. Bf4 Qe7 26. Bg5 Nf6 27. Rh3 Rae8 28. Re3 Qc7 29. h3 c4 30. Qxc4 Qxc4 31. Bxc4 Bc5 32. Rfe1 Ne4 33. b4 Ba7 34. Kh2 Bxe3 35. Bxe3 b5 36. Bd3 Nxc3 37. d6 Nd5 0-1

[Event "Eretria op 1st"]
[Site "Eretria"]
[Date "2014.08.30"]
[Round "6"]
[White "Dragomirescu, Angela"]
[Black "Soultatis, Kostas"]
[Result "1/2-1/2"]
[WhiteElo "2186"]
[BlackElo "2061"]
[PlyCount "29"]
[EventDate "2014.08.26"]
[EventType "swiss"]
[EventRounds "9"]
[EventCountry "GRE"]
[SourceTitle "CBM 162 Extra"]
[Source "ChessBase"]
[SourceDate "2014.10.17"]
[SourceVersion "1"]
[SourceVersionDate "2014.10.17"]
[SourceQuality "1"]

1. d4 Nf6 2. c4 g6 3. Nc3 d5 4. Bf4 Bg7 5. e3 0-0 6. cxd5 Nxd5 7. Nxd5 Qxd5 8. Bxc7 Nc6 9. Nf3 Bg4 10. Be2 Rac8 11. Bg3 e5 12. 0-0 exd4 13. exd4 Bxf3 14. Bxf3 Qxd4 15. Qxd4 1/2-1/2

[Event "Isthmia op 1st"]
[Site "Vrachati"]
[Date "2011.08.18"]
[Round "1"]
[White "Soultatis, Kostas"]
[Black "Atalik, Suat"]
[Result "0-1"]
[WhiteElo "2050"]
[BlackElo "2619"]
[PlyCount "120"]
[EventDate "2011.08.18"]
[EventType "swiss"]
[EventRounds "9"]
[EventCountry "GRE"]
[SourceTitle "CBM 144 Extra"]
[Source "ChessBase"]
[SourceDate "2011.10.28"]
[SourceVersion "1"]
[SourceVersionDate "2011.10.28"]
[SourceQuality "1"]

1. d4 Nf6 2. c4 g6 3. Nc3 Bg7 4. g3 c5 5. d5 d6 6. Bg2 0-0 7. Nf3 e6 8. 0-0 exd5 9. cxd5 Re8 10. h3 Na6 11. Nd2 Nc7 12. a4 b6 13. Re1 Ba6 14. Rb1 Qe7 15. Nf1 Nd7 16. Ne3 f5 17. Qb3 Bd4 18. Nb5 Bxb5 19. axb5 Ne5 20. Nc2 Qd7 21. Na3 Nf7 22. e3 Bg7 23. f4 Re7 24. Bd2 Rae8 25. Qc4 Nd8 26. Kh2 Nb7 27. Bf3 Kh8 28. b3 Ra8 29. Qd3 Ne8 30. Kg2 Nf6 31. Nc2 Ne4 32. g4 Nxd2 33. Qxd2 Qxb5 34. Na3 Qb4 35. Qc1 b5 36. Re2 Rae8 37. Nc2 Qc3 38. b4 c4 39. Ra1 a5 40. Ra3 Qb2 41. Qxb2 Bxb2 42. Ra2 Bc3 43. bxa5 b4 44. Ra4 Nc5 45. Rxb4 Bxb4 46. Nxb4 Rxe3 47. Rc2 Nd3 48. Nxd3 cxd3 49. Rf2 Re2 50. Kf1 Rxf2+ 51. Kxf2 Kg7 52. gxf5 gxf5 53. a6 Re7 54. Bd1 Ra7 55. Ke3 Rxa6 56. h4 Ra3 57. Kd2 Kh6 58. Bf3 Ra4 59. Ke3 Re4+ 60. Kxd3 Rxf4 0-1

[Event "Artemis Cup 3rd"]
[Site "Leros"]
[Date "2011.07.13"]
[Round "2"]
[White "Hunt, Adam"]
[Black "Soultatis, Kostas"]
[Result "1-0"]
[WhiteElo "2436"]
[BlackElo "2050"]
[PlyCount "67"]
[EventDate "2011.07.12"]
[EventType "swiss"]
[EventRounds "9"]
[EventCountry "GRE"]
[SourceTitle "CBM 143 Extra"]
[Source "ChessBase"]
[SourceDate "2011.08.29"]
[SourceVersion "1"]
[SourceVersionDate "2011.08.29"]
[SourceQuality "1"]

1. e4 d5 2. exd5 Qxd5 3. Nc3 Qa5 4. d4 c6 5. Bc4 Bf5 6. Nf3 e6 7. Bd2 Nf6 8. Qe2 Bb4 9. 0-0-0 Nbd7 10. Nh4 Bg4 11. f3 Bxc3 12. bxc3 Bh5 13. g4 Bg6 14. Bb3 0-0-0 15. Kb2 Qb6 16. Bf4 Nd5 17. Bg3 Qa5 18. Be1 Nf4 19. Qd2 Nd5 20. Qf2 Qa6 21. c4 N5b6 22. Qe2 Rhe8 23. Nxg6 hxg6 24. Bg3 Qa5 25. Rhe1 Qb4 26. Ka1 a5 27. c5 a4 28. cxb6 axb3 29. axb3 Qxb6 30. Kb2 Nf6 31. c3 Kd7 32. c4 Ra8 33. Qe5 Qb4 34. Qc7# 1-0

[Event "Nikaia op 17th"]
[Site "Nikaia"]
[Date "2009.08.23"]
[Round "3"]
[White "Reshetnikov, Alexey"]
[Black "Soultatis, Kostas"]
[Result "1-0"]
[WhiteElo "2413"]
[BlackElo "2080"]
[PlyCount "85"]
[EventDate "2009.08.22"]
[EventType "swiss"]
[EventRounds "9"]
[EventCountry "GRE"]
[SourceTitle "CBM 132 Extra"]
[Source "ChessBase"]
[SourceDate "2009.11.03"]
[SourceVersion "1"]
[SourceVersionDate "2009.11.03"]
[SourceQuality "1"]

1. d4 d5 2. Nf3 e6 3. g3 Nf6 4. Bg2 Be7 5. c4 c6 6. 0-0 0-0 7. Nc3 b6 8. Qa4 Ba6 9. Ne5 b5 10. cxb5 cxb5 11. Nxb5 Qe8 12. Nc3 Qxa4 13. Nxa4 Bxe2 14. Re1 Bb5 15. Nc5 Rc8 16. a4 Be8 17. b4 a5 18. b5 Bxc5 19. dxc5 Rxc5 20. Be3 Rc2 21. Rec1 Rxc1+ 22. Rxc1 Nbd7 23. Nc6 Kh8 24. Bf1 Ne4 25. Ne7 h6 26. Rc7 Nd6 27. Bf4 Ne4 28. Nc8 Nec5 29. Nd6 e5 30. Bd2 Nb3 31. Bc3 d4 32. Be1 Nb6 33. Re7 Bd7 34. Nxf7+ Kg8 35. Nxe5 Re8 36. Rxe8+ Bxe8 37. Nc4 Nxa4 38. Nxa5 Nxa5 39. Bxa5 Nc5 40. Bb4 Ne4 41. Bg2 Bxb5 42. Bxe4 Kf7 43. f4 1-0

[Event "Porto Carras op 4th"]
[Site "Porto Carras"]
[Date "2009.07.20"]
[Round "4"]
[White "Soultatis, Kostas"]
[Black "Gamback, Bjorn"]
[Result "0-1"]
[WhiteElo "2080"]
[BlackElo "2182"]
[PlyCount "58"]
[EventDate "2009.07.18"]
[EventType "swiss"]
[EventRounds "9"]
[EventCountry "GRE"]
[SourceTitle "CBM 131 Extra"]
[Source "ChessBase"]
[SourceDate "2009.09.03"]
[SourceVersion "2"]
[SourceVersionDate "2009.09.16"]
[SourceQuality "1"]

1. d4 d5 2. c4 e6 3. Nc3 c5 4. cxd5 exd5 5. Nf3 Nc6 6. g3 c4 7. Bg2 Bb4 8. 0-0 Nge7 9. e4 0-0 10. a3 Bxc3 11. bxc3 h6 12. Ne5 Be6 13. Nxc6 Nxc6 14. Qh5 Ne7 15. Rb1 Qd7 16. a4 Rfe8 17. Rb5 a6 18. Rb6 Bg4 19. Qe5 Rad8 20. Qf4 Nc8 21. Rb4 dxe4 22. Rxc4 Nd6 23. Rb4 Be2 24. Re1 Bd3 25. Bd2 g5 26. Qe3 a5 27. Bxe4 Rxe4 28. Qxd3 Rxe1+ 29. Bxe1 axb4 0-1

[Event "Aigialias op 1st"]
[Site "Aigialias"]
[Date "2008.08.23"]
[Round "8"]
[White "Soultatis, Kostas"]
[Black "Aggelis, Nikolaos"]
[Result "0-1"]
[WhiteElo "2133"]
[BlackElo "2271"]
[PlyCount "66"]
[EventDate "2008.08.18"]
[EventType "swiss"]
[EventRounds "9"]
[EventCountry "GRE"]
[SourceTitle "EXT 2009"]
[Source "ChessBase"]
[SourceDate "2008.11.26"]
[SourceVersion "1"]
[SourceVersionDate "2008.11.26"]
[SourceQuality "1"]

1. d4 Nf6 2. Bg5 d5 3. e3 c5 4. dxc5 e6 5. b4 b6 6. Bb5+ Bd7 7. Bxd7+ Qxd7 8. Bxf6 gxf6 9. Ne2 bxc5 10. bxc5 Bxc5 11. 0-0 Nc6 12. Nd2 Ke7 13. c4 dxc4 14. Nxc4 Qxd1 15. Rfxd1 Rhd8 16. Rxd8 Rxd8 17. Rb1 Nb4 18. Nc3 Nd5 19. Ne4 Bb6 20. Nxb6 axb6 21. g3 Rc8 22. Rb2 Rc4 23. Nd2 Ra4 24. e4 Nc3 25. Rxb6 Rxa2 26. Rb7+ Ke8 27. Rc7 Ne2+ 28. Kf1 Rxd2 29. Rc8+ Ke7 30. Ke1 Ra2 31. Rc4 e5 32. Rc7+ Kf8 33. Kf1 Nd4 0-1

[Event "Nikaia op 15th"]
[Site "Nikaia"]
[Date "2007.08.28"]
[Round "7"]
[White "Savoglou, Nikolaos"]
[Black "Soultatis, Kostas"]
[Result "1/2-1/2"]
[WhiteElo "1934"]
[BlackElo "2140"]
[PlyCount "91"]
[EventDate "2007.08.23"]
[EventType "swiss"]
[EventRounds "9"]
[EventCountry "GRE"]
[SourceTitle "CBM 120 Extra"]
[Source "ChessBase"]
[SourceDate "2007.11.01"]
[SourceVersion "1"]
[SourceVersionDate "2007.11.01"]
[SourceQuality "1"]

1. d4 d5 2. c4 e6 3. Nf3 c6 4. Qc2 Nf6 5. g3 Be7 6. Bg2 0-0 7. 0-0 Nbd7 8. b3 Ne4 9. Bb2 a5 10. Nbd2 f5 11. Nxe4 fxe4 12. Ne5 Nxe5 13. dxe5 Qb6 14. e3 a4 15. Rfd1 h6 16. Bd4 Qa6 17. Bf1 Qa5 18. Bc3 Qa7 19. b4 Bg5 20. Bd4 Qb8 21. Bc5 Qxe5 22. Bxf8 Kxf8 23. b5 Bd7 24. bxc6 bxc6 25. Rab1 Be7 26. Qb2 Qxb2 27. Rxb2 Bd6 28. Bh3 Ke7 29. cxd5 cxd5 30. Rb7 Rb8 31. Rxb8 Bxb8 32. Rb1 Be5 33. Rb7 Kd6 34. Bf1 Bc6 35. Ra7 Bb2 36. Ra6 Kc5 37. Be2 e5 38. Bd1 Bb5 39. Rxa4 Bxa4 40. Bxa4 Kb4 41. Bc6 Kc4 42. Kf1 Ba3 43. Ke2 Kc5 44. Ba8 Bb4 45. h3 Ba5 46. g4 1/2-1/2

[Event "Nikaia op 15th"]
[Site "Nikaia"]
[Date "2007.08.25"]
[Round "3"]
[White "Gharamian, Tigran"]
[Black "Soultatis, Kostas"]
[Result "1-0"]
[WhiteElo "2518"]
[BlackElo "2140"]
[PlyCount "65"]
[EventDate "2007.08.23"]
[EventType "swiss"]
[EventRounds "9"]
[EventCountry "GRE"]
[SourceTitle "CBM 120 Extra"]
[Source "ChessBase"]
[SourceDate "2007.11.01"]
[SourceVersion "1"]
[SourceVersionDate "2007.11.01"]
[SourceQuality "1"]

1. e4 c5 2. Nf3 Nc6 3. Bb5 e6 4. Bxc6 bxc6 5. d3 Ne7 6. Qe2 Ng6 7. h4 h5 8. e5 Be7 9. Nc3 Rb8 10. a3 Qc7 11. Qe4 d6 12. exd6 Bxd6 13. 0-0 0-0 14. b3 e5 15. Ng5 Bg4 16. Be3 Qd7 17. Qc4 Kh8 18. f3 Bf5 19. Nce4 f6 20. Nxd6 Qxd6 21. Nf7+ Rxf7 22. Qxf7 a6 23. Qc4 Rb5 24. a4 Rb4 25. Qxc5 Qb8 26. d4 Nxh4 27. dxe5 fxe5 28. Bg5 Ng6 29. Rad1 Qb7 30. f4 Bg4 31. f5 Nf4 32. Qf8+ Kh7 33. Rd8 1-0

[Event "Nikaia op 15th"]
[Site "Nikaia"]
[Date "2007.08.24"]
[Round "2"]
[White "Soultatis, Kostas"]
[Black "Iatros, Aristidis"]
[Result "1-0"]
[WhiteElo "2140"]
[BlackElo "1940"]
[PlyCount "41"]
[EventDate "2007.08.23"]
[EventType "swiss"]
[EventRounds "9"]
[EventCountry "GRE"]
[SourceTitle "CBM 120 Extra"]
[Source "ChessBase"]
[SourceDate "2007.11.01"]
[SourceVersion "1"]
[SourceVersionDate "2007.11.01"]
[SourceQuality "1"]

1. d4 c5 2. d5 e5 3. e4 d6 4. Nc3 g6 5. Be2 Bg7 6. Nf3 Nh6 7. 0-0 0-0 8. a4 b6 9. Nd2 f6 10. Nc4 Nf7 11. Ra3 a6 12. Rb3 Nd7 13. Bg4 Rb8 14. Be6 Qc7 15. Qg4 Kh8 16. Bxf7 f5 17. exf5 gxf5 18. Qxf5 Nf6 19. Be6 Nxd5 20. Nxd5 Rxf5 21. Nxc7 1-0

[Event "Nikaia Fysiolatriko op 05th"]
[Site "Nikaia"]
[Date "2007.06.20"]
[Round "4"]
[White "Kokolias, Konstantinos"]
[Black "Soultatis, Kostas"]
[Result "1/2-1/2"]
[WhiteElo "2268"]
[BlackElo "2161"]
[PlyCount "111"]
[EventDate "2007.06.17"]
[EventType "swiss"]
[EventRounds "7"]
[EventCountry "GRE"]
[SourceTitle "EXT 2008"]
[Source "ChessBase"]
[SourceDate "2007.11.25"]
[SourceVersion "1"]
[SourceVersionDate "2007.11.25"]
[SourceQuality "1"]

1. e4 c5 2. Nc3 Nc6 3. g3 g6 4. Bg2 Bg7 5. d3 d6 6. Be3 Rb8 7. a4 e6 8. Qd2 Nd4 9. Nge2 Ne7 10. Bxd4 cxd4 11. Nb5 Nc6 12. c3 dxc3 13. bxc3 0-0 14. d4 a6 15. Na3 b5 16. axb5 axb5 17. Nc2 Na5 18. Rb1 Nc4 19. Qd3 Bh6 20. f4 e5 21. 0-0 Bg4 22. Ne3 Nxe3 23. Qxe3 Qc7 24. Bf3 Be6 25. d5 Bd7 26. Bg2 Ra8 27. Ra1 Ra5 28. Qf2 exf4 29. gxf4 Bg7 30. Qe3 Re8 31. Nd4 Qa7 32. Rxa5 Qxa5 33. Qd3 b4 34. cxb4 Qxb4 35. Nc6 Qc5+ 36. Kh1 f5 37. exf5 Bxf5 38. Qd1 Qc3 39. Qa4 Re1 40. Qa6 h5 41. Rxe1 Qxe1+ 42. Qf1 Qe3 43. Qf3 Qe1+ 44. Qf1 Qe8 45. Kg1 Kh7 46. Kh1 Bf6 47. Na5 h4 48. Nc4 h3 49. Bxh3 Be4+ 50. Bg2 Bxg2+ 51. Kxg2 Qe4+ 52. Kg3 Qxd5 53. Qh3+ Kg8 54. Qc8+ Kh7 55. Qh3+ Kg8 56. Qc8+ 1/2-1/2

[Event "Athens Smaok op 1th"]
[Site "Athens"]
[Date "2006.11.16"]
[Round "2"]
[White "Mastrokoukos, Georgios"]
[Black "Soultatis, Kostas"]
[Result "1-0"]
[WhiteElo "2308"]
[BlackElo "2161"]
[PlyCount "51"]
[EventDate "2006.11.10"]
[EventType "swiss"]
[EventRounds "6"]
[EventCountry "GRE"]
[SourceTitle "EXT 2024"]
[Source "ChessBase"]
[SourceDate "2023.10.10"]
[SourceVersion "1"]
[SourceVersionDate "2023.10.10"]
[SourceQuality "1"]

1. d4 d5 2. Nf3 c6 3. e3 Nf6 4. c4 g6 5. Nc3 Bg7 6. Bd3 0-0 7. 0-0 Nbd7 8. cxd5 Nxd5 9. e4 Nb4 10. Be2 e5 11. Bg5 Qe8 12. Rc1 exd4 13. Nxd4 Nc5 14. a3 Nxe4 15. Nxe4 Qxe4 16. Rc4 Na6 17. Nxc6 Qe6 18. Ne7+ Kh8 19. Nxc8 Raxc8 20. Rxc8 Rxc8 21. b4 Nc7 22. Bg4 f5 23. Re1 Qg8 24. Bf3 Ne6 25. Bd5 Rd8 26. Bxd8 1-0

[Event "Pagrati 1st"]
[Site "Pagrati"]
[Date "2006.04.11"]
[Round "10"]
[White "Soultatis, Kostas"]
[Black "Gogolis, Alexandros"]
[Result "0-1"]
[WhiteElo "2167"]
[BlackElo "2282"]
[PlyCount "132"]
[EventDate "2006.03.21"]
[EventType "tourn"]
[EventRounds "11"]
[EventCountry "GRE"]
[SourceTitle "EXT 2007"]
[Source "ChessBase"]
[SourceDate "2006.11.23"]
[SourceVersion "1"]
[SourceVersionDate "2006.11.23"]
[SourceQuality "1"]

1. d4 Nf6 2. c4 c5 3. d5 g6 4. Nc3 Bg7 5. e4 d6 6. Nge2 b5 7. cxb5 0-0 8. g3 a6 9. bxa6 Bxa6 10. Bg2 Nbd7 11. 0-0 Ne5 12. Rb1 Qc7 13. b3 Nd3 14. h3 Nxc1 15. Rxc1 Rfb8 16. Qc2 Nd7 17. Rfd1 Qa5 18. Rd2 Ra7 19. Kh2 h5 20. f4 Rb4 21. Rcd1 Bxe2 22. Nxe2 Rb6 23. Qc4 Rba6 24. Nc1 Qd8 25. Bf1 Rb6 26. Qc2 Rb4 27. Bc4 Nb6 28. Nd3 Qa8 29. Nxb4 cxb4 30. Qd3 Nd7 31. Qf3 Bc3 32. Re2 Kg7 33. Qf2 Qb8 34. Rf1 Nf6 35. Qf3 Qb6 36. Qd3 h4 37. g4 Nh7 38. Rd1 g5 39. Qf3 gxf4 40. Kg2 Be5 41. Qf2 Qxf2+ 42. Kxf2 Ng5 43. Rd3 Kf6 44. Kg2 Bc3 45. Kf2 Ke5 46. Kg2 Bd4 47. Bb5 Ra5 48. Bc4 Bc5 49. Rf3 Ra8 50. Bd3 e6 51. dxe6 fxe6 52. Bc4 Rf8 53. Bd3 Rf7 54. Rc2 Ra7 55. Re2 Be3 56. Rc2 Nxe4 57. Bxe4 Kxe4 58. Rf1 d5 59. Rd1 f3+ 60. Kf1 e5 61. Ke1 d4 62. Kf1 Kf4 63. Re1 Kg3 64. g5 Rg7 65. a4 bxa3 66. Ra1 Rxg5 0-1

[Event "Pagrati 1st"]
[Site "Pagrati"]
[Date "2006.04.07"]
[Round "8"]
[White "Soultatis, Kostas"]
[Black "Kokolias, Konstantinos"]
[Result "0-1"]
[WhiteElo "2167"]
[BlackElo "2145"]
[PlyCount "52"]
[EventDate "2006.03.21"]
[EventType "tourn"]
[EventRounds "11"]
[EventCountry "GRE"]
[SourceTitle "EXT 2007"]
[Source "ChessBase"]
[SourceDate "2006.11.23"]
[SourceVersion "1"]
[SourceVersionDate "2006.11.23"]
[SourceQuality "1"]

1. d4 d5 2. Nf3 Nf6 3. c4 c6 4. Nc3 dxc4 5. a4 Bf5 6. Ne5 e6 7. f3 Bb4 8. Bg5 h6 9. Bh4 c5 10. dxc5 Qa5 11. Qc1 Qxc5 12. Bxf6 gxf6 13. Nxc4 Qxc4 14. e4 Qc5 15. exf5 Nc6 16. Bb5 0-0-0 17. Kf1 exf5 18. Ne2 Rd2 19. Qxc5 Bxc5 20. Rc1 Bb6 21. b4 a6 22. Ke1 Rhd8 23. Bc4 Kb8 24. a5 Be3 25. b5 Nb4 26. g3 Rb2 0-1

[Event "Pagrati 1st"]
[Site "Pagrati"]
[Date "2006.03.31"]
[Round "5"]
[White "Georgiadis, Ioannis"]
[Black "Soultatis, Kostas"]
[Result "1-0"]
[WhiteElo "2244"]
[BlackElo "2167"]
[PlyCount "133"]
[EventDate "2006.03.21"]
[EventType "tourn"]
[EventRounds "11"]
[EventCountry "GRE"]
[SourceTitle "EXT 2007"]
[Source "ChessBase"]
[SourceDate "2006.11.23"]
[SourceVersion "1"]
[SourceVersionDate "2006.11.23"]
[SourceQuality "1"]

1. e4 d5 2. exd5 Qxd5 3. Nc3 Qa5 4. d4 c6 5. Nf3 Nf6 6. Bc4 Bf5 7. Bd2 e6 8. Nd5 Qd8 9. Nxf6+ gxf6 10. Bb3 Nd7 11. Qe2 Be7 12. 0-0-0 Qc7 13. Nh4 Bg6 14. g3 0-0-0 15. Nxg6 hxg6 16. h4 Nb6 17. Ba5 Rh5 18. Bxb6 Qxb6 19. Kb1 Qc7 20. g4 Rh6 21. Qf3 f5 22. h5 gxh5 23. gxh5 Bf6 24. c3 Kb8 25. a3 a6 26. Ka2 Ka8 27. Bc4 Rg8 28. Rdg1 Rxg1 29. Rxg1 Rh8 30. b4 Qh2 31. Rh1 Qd6 32. Rh3 Ka7 33. Qe3 Ka8 34. a4 b5 35. Bb3 Kb7 36. Qd3 Rg8 37. Bd1 Qd5+ 38. Kb2 Rg2 39. Qc2 Qe4 40. axb5 axb5 41. h6 Qxc2+ 42. Kxc2 Rxf2+ 43. Kb3 Rg2 44. Bh5 Kc7 45. Bxf7 Kd6 46. h7 Bh8 47. Re3 Rh2 48. Rxe6+ Kd7 49. Rg6 Rxh7 50. Be6+ Kc7 51. Bxf5 Kb7 52. Be4 Rc7 53. Kc2 Rc8 54. Kd3 Rc7 55. c4 bxc4+ 56. Kxc4 Kb8 57. Bxc6 Ka7 58. Kc5 Bg7 59. d5 Bf8+ 60. d6 Rf7 61. Rg2 Rf5+ 62. Bd5 Kb8 63. Ra2 Kc8 64. Kc6 Kb8 65. Re2 Rf6 66. Re8+ Ka7 67. Kb5 1-0

[Event "Pagrati 1st"]
[Site "Pagrati"]
[Date "2006.03.30"]
[Round "6"]
[White "Soultatis, Kostas"]
[Black "Kapnisis, Spyridon"]
[Result "0-1"]
[WhiteElo "2167"]
[BlackElo "2423"]
[PlyCount "80"]
[EventDate "2006.03.21"]
[EventType "tourn"]
[EventRounds "11"]
[EventCountry "GRE"]
[SourceTitle "EXT 2007"]
[Source "ChessBase"]
[SourceDate "2006.11.23"]
[SourceVersion "1"]
[SourceVersionDate "2006.11.23"]
[SourceQuality "1"]

1. d4 d5 2. Nf3 Nf6 3. g3 e6 4. Bg2 b5 5. 0-0 Bb7 6. Ne5 Nfd7 7. Nd3 c5 8. dxc5 Nxc5 9. Nxc5 Bxc5 10. e4 d4 11. Qh5 Nd7 12. c3 0-0 13. b4 Bb6 14. Qxb5 a5 15. Qe2 dxc3 16. b5 Bd4 17. Be3 e5 18. Na3 Nc5 19. Rfd1 Qf6 20. Nc2 Rad8 21. Rac1 Rfe8 22. f3 Na4 23. Kh1 Nb2 24. Rf1 Qb6 25. Rfe1 Bc8 26. f4 f6 27. fxe5 fxe5 28. Rf1 Be6 29. Bg5 Rd7 30. Qh5 g6 31. Qh6 Nd3 32. Nxd4 exd4 33. Rcd1 Ne5 34. Rf6 Rf7 35. Rdf1 Ref8 36. Qh4 c2 37. Qf4 Nd3 38. Qd2 Rxf6 39. Rxf6 Rxf6 40. Bxf6 c1Q+ 0-1

[Event "Athens Acropolis op"]
[Site "Athens"]
[Date "2005.03.12"]
[Round "7"]
[White "Soultatis, Kostas"]
[Black "Gogolis, Alexandros"]
[Result "0-1"]
[WhiteElo "2166"]
[BlackElo "2243"]
[PlyCount "72"]
[EventDate "2005.03.06"]
[EventType "swiss"]
[EventRounds "9"]
[EventCountry "GRE"]
[SourceTitle "CBM 105 Extra"]
[Source "ChessBase"]
[SourceDate "2005.05.01"]
[SourceVersion "1"]
[SourceVersionDate "2005.05.01"]
[SourceQuality "1"]

1. d4 Nf6 2. c4 e6 3. Nc3 Bb4 4. e3 b6 5. Bd3 Bb7 6. f3 c5 7. a3 Bxc3+ 8. bxc3 Nc6 9. Ne2 d6 10. 0-0 Qc7 11. Ng3 0-0-0 12. d5 Na5 13. dxe6 fxe6 14. e4 h6 15. Be3 Rhf8 16. Rf2 Ba6 17. Qe2 Rf7 18. Nf1 Qd7 19. Nd2 Qa4 20. Rff1 e5 21. f4 Qe8 22. Rab1 Rc7 23. Bc2 Re7 24. f5 d5 25. Rb5 Bxb5 26. cxb5 d4 27. cxd4 cxd4 28. Bf2 Kb7 29. Bd3 Rc8 30. Nc4 Nxc4 31. Bxc4 Rec7 32. Bd3 Rc1 33. h3 Rxf1+ 34. Qxf1 Qe7 35. Bg3 Qxa3 36. Bc4 Qxg3 0-1